[Event "Groningen Festival 2018"]
[Site "Groningen"]
[Date "2018.12.27"]
[Round "6"]
[White "Elgersma, Simon"]
[Black "De Boer, Eelke"]
[Result "0-1"]
[WhiteElo "2200"]
[BlackElo "2327"]
[Annotator "NA"]
[PlyCount "98"]
[EventDate "2018.12.22"]
[EventType "swiss"]
[EventCountry "NED"]
[SourceTitle "playchess.com"]
[Source "ChessBase"]
[SourceQuality "1"]
[TimeControl "40/5400+30:1800+30"]

1. e4 {[%emt 0:00:00]} c5 {[%emt 0:00:00]} 2. Nf3 {[%emt 1:31:00]} d6 {[%emt 0:00:00]} 3. Bb5+ {[%emt 0:00:09]} Nd7 {[%emt 0:00:15]} 4. O-O {[%emt 1:31:51]} a6 {[%emt 0:00:16]} 5. Bd3 {[%emt 0:00:02]} Ngf6 {[%emt 1:31:59]} 6. Re1 {[%emt 0:00:21]} e5 {[%emt 0:10:25]} 7. c3 {[%emt 0:11:33]} b5 {[%emt 0:04:27]} 8. Bc2 {[%emt 0:06:26]} Be7 {[%emt 0:00:32]} 9. d4 {[%emt 1:15:50]} O-O {[%emt 0:00:20]} 10. a4 {[%emt 0:03:05]} Bb7 {[%emt 0:03:57]} 11. axb5 {[%emt 0:11:42]} axb5 {[%emt 1:14:39]} 12. Rxa8 {[%emt 0:00:08]} Qxa8 {[%emt 1:11:01]} 13. d5 {[%emt 0:01:42]} c4 {[%emt 0:04:16]} 14. Nbd2 {[%emt 1:00:32]} Qa5 {[%emt 1:05:56]} 15. Nf1 {[%emt 0:11:52]} b4 {[%emt 1:01:50]} 16. cxb4 {[%emt 0:04:23]} Qxb4 {[%emt 0:00:08]} 17. Ne3 {[%emt 0:04:57]} Rc8 {[%emt 0:57:49]} 18. Qe2 {[%emt 0:09:04]} Ba6 {[%emt 0:12:28]} 19. Bd2 {[%emt 0:07:51]} Qb5 {[%emt 0:02:00]} 20. Nf5 {[%emt 0:01:25]} Bf8 {[%emt 0:00:15]} 21. Bc3 {[%emt 0:00:08]} Nc5 {[%emt 0:02:26]} 22. N3h4 {[%emt 0:20:44]} Nd3 {[%emt 0:40:30]} 23. Rf1 {[%emt 0:18:13]} Qc5 {[%emt 0:19:46]} 24. Qf3 {[%emt 0:00:36]} Kh8 {[%emt 0:15:39]} 25. Ra1 {[%emt 0:02:42]} Bb5 {[%emt 0:04:48]} 26. Nh6 {[%emt 0:01:40]} Be8 {[%emt 0:09:29]} 27. N6f5 {[%emt 0:06:32]} Nxe4 {[%emt 0:08:00]} 28. Bxd3 {[%emt 0:00:22]} Nxc3 {[%emt 0:00:07]} 29. Bc2 {[%emt 0:01:36]} Nxd5 {[%emt 0:00:06]} 30. Nh6 {[%emt 0:04:11]} Nb4 {[%emt 0:02:17]} 31. Nxf7+ {[%emt 0:01:52]} Bxf7 {[%emt 0:03:22]} 32. Bxh7 {[%emt 0:00:52]} Kxh7 {[%emt 0:03:21]} 33. Qxf7 {[%emt 0:00:00]} e4 {[%emt 0:00:32]} 34. Qg6+ {[%emt 0:00:59]} Kh8 {[%emt 0:00:09]} 35. Qe6 {[%emt 0:00:29]} Nd3 {[%emt 0:01:24]} 36. Ng6+ {[%emt 0:00:35]} Kh7 {[%emt 0:00:01]} 37. Qxe4 {[%emt 0:00:24]} Qxf2+ {[%emt 0:01:36]} 38. Kh1 {[%emt 0:00:00]} Kh6 {[%emt 0:00:43]} 39. Qe6 {[%emt 0:00:50]} Qf6 {[%emt 0:00:29]} 40. Qxc8 {[%emt 0:00:47]} Kxg6 {[%emt 0:00:28]} 41. Qxc4 {[%emt 0:31:05]} Qf5 {[%emt 0:31:05]} 42. Qg8 {[%emt 0:28:23]} Nf2+ {[%emt 0:02:28]} 43. Kg1 {[%emt 0:00:03]} Ne4 {[%emt 0:00:28]} 44. h3 {[%emt 0:02:21]} d5 {[%emt 0:01:19]} 45. Ra6+ {[%emt 0:18:18]} Bd6 {[%emt 0:00:23]} 46. Qe8+ {[%emt 0:01:08]} Kh7 {[%emt 0:00:23]} 47. Ra1 {[%emt 0:14:27]} Bc5+ {[%emt 0:02:04]} 48. Kh1 {[%emt 0:13:44]} Ng3+ {[%emt 0:00:33]} 49. Kh2 {[%emt 0:00:03]} Qf4 {[%emt 0:00:11]} 0-1

[Event "Groningen Festival 2018"]
[Site "Groningen"]
[Date "2018.12.28"]
[Round "7"]
[White "Krasenkow, Michal"]
[Black "Grooten, Herman"]
[Result "1-0"]
[WhiteElo "2630"]
[BlackElo "2374"]
[Annotator "ChessBase"]
[PlyCount "73"]
[EventDate "2018.12.22"]
[EventType "swiss"]
[EventCountry "NED"]
[SourceTitle "playchess.com"]
[Source "ChessBase"]
[SourceQuality "1"]
[TimeControl "40/5400+30:1800+30"]

1. Nf3 {[%emt 0:00:00]} d5 {[%emt 0:00:00]} 2. d4 {[%emt 0:00:00]} Nf6 {[%emt 0:00:00]} 3. c4 {[%emt 0:00:00]} e6 {[%emt 0:00:00]} 4. Nc3 {[%emt 0:00:00]} Be7 {[%emt 0:00:13]} 5. Bf4 {[%emt 0:02:55]} O-O {[%emt 0:00:28]} 6. a3 {[%emt 0:00:06]} a6 {[%emt 0:03:09]} 7. c5 {[%emt 0:02:23]} b6 {[%emt 0:04:49]} 8. b4 {[%emt 0:00:17]} Ne4 {[%emt 0:10:17]} 9. Qc2 {[%emt 0:00:46]} f5 {[%emt 0:06:37]} 10. e3 {[%emt 0:02:17]} bxc5 {[%emt 0:07:17]} 11. bxc5 {[%emt 0:00:20]} g5 {[%emt 0:00:42]} 12. Bg3 {[%emt 0:05:28]} Nd7 {[%emt 0:20:42]} 13. Nxe4 {[%emt 0:05:10]} fxe4 {[%emt 0:01:02]} 14. Nd2 {[%emt 0:01:01]} Bf6 {[%emt 0:05:07]} 15. c6 {[%emt 0:02:31]} Nb6 {[%emt 0:00:52]} 16. f3 {[%emt 0:00:55]} Qe7 {[%emt 0:05:15]} 17. Qc3 {[%emt 0:01:55]} h5 {[%emt 0:02:59]} 18. h3 {[%emt 0:03:38]} h4 {[%emt 0:00:38]} 19. Bh2 {[%emt 0:00:05]} a5 {[%emt 0:05:10]} 20. Bb5 {[%emt 0:03:07]} a4 {[%emt 0:02:20]} 21. O-O {[%emt 0:03:17]} exf3 {[%emt 0:07:57]} 22. Rxf3 {[%emt 0:02:19]} Bg7 {[%emt 0:00:56]} 23. Rxf8+ {[%emt 0:04:40]} Bxf8 {[%emt 0:00:17]} 24. Qd3 {[%emt 0:00:23]} Ra5 {[%emt 0:03:22]} 25. Rf1 {[%emt 0:02:36]} Rxb5 {[%emt 0:03:26]} 26. Qxb5 {[%emt 0:00:22]} Qxa3 {[%emt 0:00:29]} 27. Bxc7 {[%emt 0:13:35]} Qxe3+ {[%emt 0:01:59]} 28. Kh1 {[%emt 0:01:45]} Qxd2 {[%emt 0:02:23]} 29. Qxb6 {[%emt 0:04:53]} e5 {[%emt 0:03:24]} 30. Bxe5 {[%emt 0:04:15]} Qe2 {[%emt 0:02:30]} 31. Rxf8+ {[%emt 0:02:14]} Kxf8 {[%emt 0:00:05]} 32. Qd8+ {[%emt 0:00:04]} Kf7 {[%emt 0:00:03]} 33. Qc7+ {[%emt 0:00:41]} Kg6 {[%emt 0:00:13]} 34. Qg7+ {[%emt 0:00:11]} Kf5 {[%emt 0:00:10]} 35. Qh7+ {[%emt 0:00:03]} Ke6 {[%emt 0:00:15]} 36. Qg6+ {[%emt 0:00:06]} Ke7 {[%emt 0:00:08]} 37. Bd6+ {[%emt 0:00:03]} 1-0

[Event "Groningen Festival 2018"]
[Site "Groningen"]
[Date "2018.12.28"]
[Round "7"]
[White "Plat, Vojtech"]
[Black "Baum, Bernd"]
[Result "1-0"]
[WhiteElo "2550"]
[BlackElo "2252"]
[Annotator "TA"]
[PlyCount "47"]
[EventDate "2018.12.22"]
[EventType "swiss"]
[EventCountry "NED"]
[SourceTitle "playchess.com"]
[Source "ChessBase"]
[SourceQuality "1"]

{[%evp 17,47,30,39,2,31,32,33,35,35,0,0,0,1,1,8,0,21,10,33,-9,-9,0,11,0,80,86,104,12,65,-36,29996,-1093]} 1. e4 e6 2. d4 d5 3. Nd2 Nc6 4. Ngf3 Nf6 5. e5 Nd7 6. Bd3 Nb4 7. Be2 c5 8. c3 Nc6 9. O-O a5 {LiveBook: 22 Games. C04: French Tarrasch: 3...Nc6} 10. c4 (10. a4 Be7 11. Nb1 O-O 12. Na3 cxd4 13. cxd4 f6 14. exf6 Nxf6 15. Nb5 Bd7 16. Re1 Ne4 17. Bd3 {1-0 (25) Nisipeanu,L (2687)-Richter,M (2505) Germany 2016}) 10... cxd4 $146 (10... a4 {is interesting.} 11. cxd5 exd5 12. Re1 Be7 13. Bb5 O-O) ({Predecessor:} 10... Be7 11. cxd5 exd5 12. dxc5 O-O 13. Nb3 Ndxe5 14. Nxe5 Nxe5 15. a4 Bf6 16. Nd4 Qe7 17. Be3 {½-½ (43) Savic,M (2520)-Drasko,M (2434) Ulcinj 2014}) 11. cxd5 exd5 {White is slightly better.} 12. Nb3 {[%cal Bd2b3,Bb3d4,Bd4b5,Bb5c7,Bc7d5][%mdl 32]} Be7 13. Nbxd4 {next e6 is good for White.} Ndxe5 14. Nxe5 Nxe5 15. Bb5+ Bd7 16. Qh5 Bxb5 17. Nxb5 Nc6 18. Bf4 {Hoping for Nc7+.} O-O 19. Rad1 $36 {[%mdl 2048] White is pushing.} Qb6 20. Nc7 Rac8 (20... Rad8 $11) 21. Nxd5 $16 Qxb2 {[#]} 22. Be5 ({Only move:} 22. Rd2 $1 $16 {[%cal Rd2b2]} Qa3 23. Nxe7+ Qxe7 24. Bd6) 22... Qxa2 $11 23. Rd3 ({White should play} 23. Qg4 $1 $14 Nxe5 24. Nxe7+ Kh8 25. Qe4) 23... g6 $2 {[%mdl 8192] [#]} (23... f6 $15 24. Bc3 Bb4 25. Bxf6 gxf6 26. Nxf6+ Rxf6 27. Qg4+ Kh8 28. Qxc8+ Rf8 29. Qxb7 Qc2) 24. Qxh7+ $1 {[%mdl 33280] Precision: White = 30%, Black = 40%. . Loss on Time!?} 1-0

[Event "Groningen Festival 2018"]
[Site "Groningen"]
[Date "2018.12.28"]
[Round "7"]
[White "Gleizerov, Evgeny"]
[Black "De Jong, Migchiel"]
[Result "0-1"]
[WhiteElo "2504"]
[BlackElo "2323"]
[Annotator "ChessBase"]
[PlyCount "104"]
[EventDate "2018.12.22"]
[EventType "swiss"]
[EventCountry "NED"]
[SourceTitle "playchess.com"]
[Source "ChessBase"]
[SourceQuality "1"]
[TimeControl "40/5400+30:1800+30"]

1. d4 {[%emt 0:00:00]} e6 {[%emt 0:00:00]} 2. e4 {[%emt 0:00:00]} d5 {[%emt 0:00:00]} 3. exd5 {[%emt 0:00:00]} exd5 {[%emt 0:00:02]} 4. c4 {[%emt 0:00:00]} Nf6 {[%emt 0:01:37]} 5. Nc3 {[%emt 0:00:02]} Bb4 {[%emt 0:01:10]} 6. Bd3 {[%emt 0:00:21]} O-O {[%emt 0:00:49]} 7. Nge2 {[%emt 0:00:07]} dxc4 {[%emt 0:02:04]} 8. Bxc4 {[%emt 0:00:48]} Nbd7 {[%emt 0:01:34]} 9. O-O {[%emt 0:00:45]} Nb6 {[%emt 0:00:37]} 10. Bb3 {[%emt 0:00:33]} c6 {[%emt 0:01:00]} 11. Bg5 {[%emt 0:00:35]} Be7 {[%emt 0:00:14]} 12. Re1 {[%emt 0:00:36]} Nfd5 {[%emt 0:01:58]} 13. Bxe7 {[%emt 0:01:09]} Nxe7 {[%emt 0:00:14]} 14. Nf4 {[%emt 0:06:34]} Bf5 {[%emt 0:06:28]} 15. Re5 {[%emt 0:09:58]} Nd7 {[%emt 0:01:46]} 16. Re3 {[%emt 0:01:03]} Nf6 {[%emt 0:01:30]} 17. Qe2 {[%emt 0:14:13]} Ng6 {[%emt 0:00:32]} 18. Nxg6 {[%emt 0:00:10]} Bxg6 {[%emt 0:00:30]} 19. Rd1 {[%emt 0:01:02]} Bh5 {[%emt 0:01:40]} 20. f3 {[%emt 0:02:26]} Re8 {[%emt 0:01:49]} 21. g4 {[%emt 0:04:29]} Bg6 {[%emt 0:01:17]} 22. h4 {[%emt 0:00:57]} Qd6 {[%emt 0:02:59]} 23. Re5 {[%emt 0:04:01]} h6 {[%emt 0:05:12]} 24. f4 {[%emt 0:05:03]} Kf8 {[%emt 0:02:23]} 25. f5 {[%emt 0:22:54]} Bh7 {[%emt 0:01:06]} 26. Kg2 {[%emt 0:02:40]} h5 {[%emt 0:03:51]} 27. g5 {[%emt 0:08:30]} Ng4 {[%emt 0:00:14]} 28. Re1 {[%emt 0:00:37]} Rxe5 {[%emt 0:10:29]} 29. dxe5 {[%emt 0:00:06]} Qd4 {[%emt 0:00:26]} 30. e6 {[%emt 0:02:16]} fxe6 {[%emt 0:03:14]} 31. fxe6 {[%emt 0:00:25]} Ke7 {[%emt 0:01:19]} 32. Qf3 {[%emt 0:02:04]} Bg6 {[%emt 0:01:53]} 33. Qg3 {[%emt 0:04:40]} Rd8 {[%emt 0:04:03]} 34. Re2 {[%emt 0:02:39]} Rd6 {[%emt 0:00:59]} 35. Qf3 {[%emt 0:01:28]} Ne5 {[%emt 0:01:05]} 36. Qg3 {[%emt 0:00:01]} Nd3 {[%emt 0:01:00]} 37. Re3 {[%emt 0:02:32]} Bf5 {[%emt 0:08:07]} 38. Ne2 {[%emt 0:00:34]} Qxb2 {[%emt 0:01:40]} 39. Bc4 {[%emt 0:01:33]} Nc5 {[%emt 0:03:45]} 40. Re5 {[%emt 0:00:45]} Be4+ {[%emt 0:06:01]} 41. Rxe4 {[%emt 0:13:30]} Nxe4 {[%emt 0:00:20]} 42. Qf4 {[%emt 0:02:14]} Nf6 {[%emt 0:03:20]} 43. gxf6+ {[%emt 0:00:13]} Qxf6 {[%emt 0:00:06]} 44. Qe4 {[%emt 0:02:30]} b5 {[%emt 0:00:22]} 45. Bb3 {[%emt 0:00:05]} a5 {[%emt 0:01:10]} 46. a4 {[%emt 0:05:46]} bxa4 {[%emt 0:01:11]} 47. Bc4 {[%emt 0:00:56]} Rxe6 {[%emt 0:03:45]} 48. Bxe6 {[%emt 0:00:05]} Qxe6 {[%emt 0:00:08]} 49. Qc2 {[%emt 0:00:06]} Qd5+ {[%emt 0:00:43]} 50. Kf2 {[%emt 0:00:36]} a3 {[%emt 0:00:12]} 51. Nc1 {[%emt 0:00:49]} Qd4+ {[%emt 0:00:38]} 52. Ke2 {[%emt 0:00:16]} Qb2 {[%emt 0:00:16]} 0-1

[Event "Groningen Festival 2018"]
[Site "Groningen"]
[Date "2018.12.28"]
[Round "7"]
[White "Ladva, Ottomar"]
[Black "Schoppen, Casper"]
[Result "1/2-1/2"]
[WhiteElo "2497"]
[BlackElo "2431"]
[Annotator "ChessBase"]
[PlyCount "112"]
[EventDate "2018.12.22"]
[EventType "swiss"]
[EventCountry "NED"]
[SourceTitle "playchess.com"]
[Source "ChessBase"]
[SourceQuality "1"]
[TimeControl "40/5400+30:1800+30"]

1. Nf3 {[%emt 0:00:00]} Nf6 {[%emt 0:01:19]} 2. c4 {[%emt 0:00:21]} e6 {[%emt 0:00:20]} 3. b3 {[%emt 0:04:24]} d5 {[%emt 0:02:47]} 4. Bb2 {[%emt 0:00:06]} c5 {[%emt 0:00:34]} 5. cxd5 {[%emt 0:02:10]} exd5 {[%emt 0:00:28]} 6. e3 {[%emt 0:07:42]} Nc6 {[%emt 0:01:08]} 7. Bb5 {[%emt 0:00:36]} Bd6 {[%emt 0:02:32]} 8. O-O {[%emt 0:02:54]} O-O {[%emt 0:01:43]} 9. d4 {[%emt 0:02:20]} cxd4 {[%emt 0:03:07]} 10. Nxd4 {[%emt 0:00:31]} Ne5 {[%emt 0:10:05]} 11. Nc3 {[%emt 0:05:24]} a6 {[%emt 0:09:22]} 12. Be2 {[%emt 0:00:04]} Re8 {[%emt 0:00:08]} 13. Qc2 {[%emt 0:05:37]} Bd7 {[%emt 0:05:40]} 14. Nf5 {[%emt 0:05:05]} Bf8 {[%emt 0:02:14]} 15. Rad1 {[%emt 0:04:52]} Rc8 {[%emt 0:03:55]} 16. Qb1 {[%emt 0:16:21]} Qa5 {[%emt 0:06:40]} 17. Rc1 {[%emt 0:07:39]} Bb4 {[%emt 0:16:39]} 18. Na4 {[%emt 0:00:15]} Ne4 {[%emt 0:09:44]} 19. Rxc8 {[%emt 0:00:46]} Bxc8 {[%emt 0:00:18]} 20. Qa1 {[%emt 0:12:16]} f6 {[%emt 0:00:51]} 21. Ng3 {[%emt 0:02:12]} b5 {[%emt 0:05:34]} 22. a3 {[%emt 0:07:15]} Bf8 {[%emt 0:01:54]} 23. b4 {[%emt 0:06:20]} Qd8 {[%emt 0:08:02]} 24. Bxe5 {[%emt 0:04:37]} Rxe5 {[%emt 0:01:19]} 25. Nc3 {[%emt 0:00:14]} Nd6 {[%emt 0:03:32]} 26. Rd1 {[%emt 0:00:25]} Be6 {[%emt 0:00:54]} 27. Nh5 {[%emt 0:01:40]} Bf7 {[%emt 0:00:48]} 28. Nf4 {[%emt 0:00:07]} Nc4 {[%emt 0:00:37]} 29. Bf3 {[%emt 0:00:59]} Qb6 {[%emt 0:00:06]} 30. Ncxd5 {[%emt 0:00:48]} Qa7 {[%emt 0:00:10]} 31. h4 {[%emt 0:00:43]} a5 {[%emt 0:00:17]} 32. Qd4 {[%emt 0:00:26]} Qxd4 {[%emt 0:00:35]} 33. exd4 {[%emt 0:00:35]} Re8 {[%emt 0:00:05]} 34. bxa5 {[%emt 0:00:33]} Nxa5 {[%emt 0:00:24]} 35. Rb1 {[%emt 0:00:26]} Rb8 {[%emt 0:01:12]} 36. Nc3 {[%emt 0:00:41]} Bd6 {[%emt 0:00:30]} 37. Nfe2 {[%emt 0:00:33]} Bc4 {[%emt 0:00:20]} 38. a4 {[%emt 0:00:28]} bxa4 {[%emt 0:01:39]} 39. Rxb8+ {[%emt 0:00:12]} Bxb8 {[%emt 0:00:01]} 40. Nxa4 {[%emt 0:00:06]} Nb3 {[%emt 0:00:47]} 41. Nac3 {[%emt 0:11:14]} Ba7 {[%emt 0:01:29]} 42. d5 {[%emt 0:00:10]} Nd4 {[%emt 0:00:58]} 43. Nxd4 {[%emt 0:01:55]} Bxd4 {[%emt 0:00:13]} 44. Nb1 {[%emt 0:01:19]} Kf7 {[%emt 0:02:49]} 45. Nd2 {[%emt 0:00:06]} Ba2 {[%emt 0:01:56]} 46. Kf1 {[%emt 0:04:12]} f5 {[%emt 0:01:04]} 47. g3 {[%emt 0:02:26]} Ke7 {[%emt 0:00:30]} 48. Bg2 {[%emt 0:04:05]} Kd6 {[%emt 0:00:24]} 49. Ke2 {[%emt 0:00:02]} Bxd5 {[%emt 0:00:31]} 50. Bxd5 {[%emt 0:00:01]} Kxd5 {[%emt 0:00:07]} 51. Nf3 {[%emt 0:00:01]} Bb6 {[%emt 0:00:31]} 52. h5 {[%emt 0:00:29]} Ba7 {[%emt 0:01:16]} 53. Ng5 {[%emt 0:03:05]} h6 {[%emt 0:00:11]} 54. Nh3 {[%emt 0:00:07]} Ke5 {[%emt 0:00:18]} 55. Nf4 {[%emt 0:02:37]} Kf6 {[%emt 0:00:15]} 56. Nh3 {[%emt 0:01:25]} Ke5 {[%emt 0:27:08]} 1/2-1/2

[Event "Groningen Festival 2018"]
[Site "Groningen"]
[Date "2018.12.28"]
[Round "7"]
[White "Beerdsen, Thomas"]
[Black "Ashwath, R.."]
[Result "1/2-1/2"]
[WhiteElo "2477"]
[BlackElo "2314"]
[Annotator "ChessBase"]
[PlyCount "34"]
[EventDate "2018.12.22"]
[EventType "swiss"]
[EventCountry "NED"]
[SourceTitle "playchess.com"]
[Source "ChessBase"]
[SourceQuality "1"]
[TimeControl "40/5400+30:1800+30"]

1. e4 {[%emt 0:00:43]} e5 {[%emt 0:00:29]} 2. Nf3 {[%emt 0:02:00]} Nc6 {[%emt 0:00:22]} 3. c3 {[%emt 0:00:10]} d5 {[%emt 0:05:13]} 4. Qa4 {[%emt 0:00:08]} f6 {[%emt 0:01:18]} 5. d3 {[%emt 0:01:37]} Nge7 {[%emt 0:00:41]} 6. Nbd2 {[%emt 0:02:05]} Be6 {[%emt 0:02:55]} 7. Be2 {[%emt 0:06:28]} Ng6 {[%emt 0:09:54]} 8. Nb3 {[%emt 0:14:15]} Bd7 {[%emt 0:11:38]} 9. Na5 {[%emt 0:03:07]} Nd4 {[%emt 0:12:48]} 10. Qd1 {[%emt 0:00:43]} Nxe2 {[%emt 0:00:31]} 11. Qxe2 {[%emt 0:00:09]} c5 {[%emt 0:01:04]} 12. Nb3 {[%emt 0:00:12]} d4 {[%emt 0:03:16]} 13. O-O {[%emt 0:04:14]} Bd6 {[%emt 0:01:47]} 14. Bd2 {[%emt 0:03:35]} O-O {[%emt 0:02:25]} 15. cxd4 {[%emt 0:02:07]} exd4 {[%emt 0:03:28]} 16. Na5 {[%emt 0:07:27]} b6 {[%emt 0:10:05]} 17. Nc4 {[%emt 0:03:26]} Be6 {[%emt 0:08:26]} 1/2-1/2

[Event "Groningen Festival 2018"]
[Site "Groningen"]
[Date "2018.12.28"]
[Round "7"]
[White "Vrolijk, Liam"]
[Black "Ulybin, Mikhail"]
[Result "1-0"]
[WhiteElo "2440"]
[BlackElo "2482"]
[Annotator "ChessBase"]
[PlyCount "125"]
[EventDate "2018.12.22"]
[EventType "swiss"]
[EventCountry "NED"]
[SourceTitle "playchess.com"]
[Source "ChessBase"]
[SourceQuality "1"]
[TimeControl "40/5400+30:1800+30"]

1. d4 {[%emt 0:00:00]} e6 {[%emt 0:06:27]} 2. c4 {[%emt 0:00:00]} f5 {[%emt 0:01:06]} 3. g3 {[%emt 0:00:06]} Nf6 {[%emt 0:01:12]} 4. Bg2 {[%emt 0:00:10]} d5 {[%emt 0:01:41]} 5. Nh3 {[%emt 0:00:23]} c6 {[%emt 0:02:12]} 6. O-O {[%emt 0:00:14]} Bd6 {[%emt 0:01:52]} 7. Nd2 {[%emt 0:00:29]} h6 {[%emt 0:10:17]} 8. b3 {[%emt 0:10:24]} g5 {[%emt 0:09:39]} 9. Bb2 {[%emt 0:06:51]} g4 {[%emt 0:12:07]} 10. Nf4 {[%emt 0:00:42]} Bxf4 {[%emt 0:01:27]} 11. gxf4 {[%emt 0:00:07]} h5 {[%emt 0:03:10]} 12. e3 {[%emt 0:02:29]} Nbd7 {[%emt 0:10:47]} 13. Ba3 {[%emt 0:03:28]} Nf8 {[%emt 0:03:24]} 14. Bxf8 {[%emt 0:05:30]} Kxf8 {[%emt 0:01:01]} 15. b4 {[%emt 0:00:59]} Bd7 {[%emt 0:08:16]} 16. Qb3 {[%emt 0:04:02]} b5 {[%emt 0:09:28]} 17. c5 {[%emt 0:10:40]} Be8 {[%emt 0:10:36]} 18. a4 {[%emt 0:00:59]} a6 {[%emt 0:00:26]} 19. Ra3 {[%emt 0:02:24]} Rh7 {[%emt 0:00:59]} 20. Rfa1 {[%emt 0:02:03]} Rha7 {[%emt 0:01:30]} 21. Qc2 {[%emt 0:01:19]} Qc7 {[%emt 0:01:07]} 22. Nb3 {[%emt 0:01:47]} Kg7 {[%emt 0:01:27]} 23. Nc1 {[%emt 0:01:52]} Kf8 {[%emt 0:00:37]} 24. Nd3 {[%emt 0:00:10]} Kg7 {[%emt 0:00:34]} 25. Bf1 {[%emt 0:00:14]} Ne4 {[%emt 0:00:35]} 26. Ne5 {[%emt 0:01:12]} Nf6 {[%emt 0:00:26]} 27. Qa2 {[%emt 0:01:13]} Qb7 {[%emt 0:00:31]} 28. Kh1 {[%emt 0:00:45]} Kf8 {[%emt 0:00:26]} 29. Bd3 {[%emt 0:00:38]} Qb8 {[%emt 0:00:33]} 30. f3 {[%emt 0:02:03]} gxf3 {[%emt 0:00:35]} 31. Nxf3 {[%emt 0:01:12]} Ng4 {[%emt 0:00:24]} 32. Ng5 {[%emt 0:01:20]} Qc8 {[%emt 0:00:28]} 33. Qe2 {[%emt 0:00:45]} Nf6 {[%emt 0:00:33]} 34. Qg2 {[%emt 0:01:09]} Rg7 {[%emt 0:00:33]} 35. Rg1 {[%emt 0:03:06]} Rg6 {[%emt 0:00:13]} 36. axb5 {[%emt 0:01:05]} cxb5 {[%emt 0:00:21]} 37. h3 {[%emt 0:02:11]} Ra7 {[%emt 0:00:57]} 38. Qa2 {[%emt 0:01:53]} Ne4 {[%emt 0:00:23]} 39. Bxe4 {[%emt 0:01:59]} fxe4 {[%emt 0:00:27]} 40. Kh2 {[%emt 0:04:21]} Bc6 {[%emt 0:00:42]} 41. Ra1 {[%emt 0:33:51]} Bb7 {[%emt 0:07:15]} 42. Qe2 {[%emt 0:00:00]} Rh6 {[%emt 0:03:17]} 43. Ra5 {[%emt 0:00:00]} Ra8 {[%emt 0:10:39]} 44. Rg1 {[%emt 0:00:00]} Rh8 {[%emt 0:10:13]} 45. Qf2 {[%emt 0:00:00]} Qd7 {[%emt 0:00:56]} 46. Qg3 {[%emt 0:00:00]} Rg8 {[%emt 0:00:38]} 47. f5 {[%emt 0:00:00]} exf5 {[%emt 0:00:23]} 48. Qe5 {[%emt 0:00:00]} Qe7 {[%emt 0:00:35]} 49. Qxf5+ {[%emt 0:00:00]} Ke8 {[%emt 0:00:04]} 50. Raa1 {[%emt 0:00:00]} Rf8 {[%emt 0:00:19]} 51. Qg6+ {[%emt 0:00:00]} Kd7 {[%emt 0:00:05]} 52. Raf1 {[%emt 0:00:00]} Rxf1 {[%emt 0:01:07]} 53. Rxf1 {[%emt 0:00:00]} Rf8 {[%emt 0:00:20]} 54. Nf7 {[%emt 0:00:00]} Kc8 {[%emt 0:00:36]} 55. Qg3 {[%emt 0:00:00]} Bc6 {[%emt 0:00:44]} 56. Qf4 {[%emt 0:03:49]} Rg8 {[%emt 0:00:42]} 57. Qh6 {[%emt 0:02:05]} Qc7+ {[%emt 0:00:34]} 58. Nd6+ {[%emt 0:00:18]} Kb8 {[%emt 0:00:28]} 59. Rf7 {[%emt 0:00:21]} Qd8 {[%emt 0:00:30]} 60. Nf5 {[%emt 0:05:15]} Be8 {[%emt 0:00:31]} 61. Rf6 {[%emt 0:04:00]} Qc7+ {[%emt 0:00:29]} 62. Kh1 {[%emt 0:00:15]} Bc6 {[%emt 0:00:31]} 63. Rxc6 {[%emt 0:00:29]} 1-0

[Event "Groningen Festival 2018"]
[Site "Groningen"]
[Date "2018.12.28"]
[Round "7"]
[White "Kislinsky, Alexey"]
[Black "Maatman, Nick"]
[Result "0-1"]
[WhiteElo "2425"]
[BlackElo "2363"]
[Annotator "NA"]
[PlyCount "82"]
[EventDate "2018.12.22"]
[EventType "swiss"]
[EventCountry "NED"]
[SourceTitle "playchess.com"]
[Source "ChessBase"]
[SourceQuality "1"]
[TimeControl "40/5400+30:1800+30"]

1. e4 {[%emt 0:00:00]} e6 {[%emt 0:05:07]} 2. Nf3 {[%emt 0:00:24]} d5 {[%emt 0:00:08]} 3. Nc3 {[%emt 0:00:10]} Nf6 {[%emt 0:00:04]} 4. e5 {[%emt 0:00:13]} Nfd7 {[%emt 0:00:03]} 5. d4 {[%emt 0:00:07]} c5 {[%emt 0:00:03]} 6. dxc5 {[%emt 0:00:07]} Nc6 {[%emt 0:00:06]} 7. Bf4 {[%emt 0:00:06]} Be7 {[%emt 0:01:08]} 8. h4 {[%emt 0:00:27]} a6 {[%emt 0:07:32]} 9. a3 {[%emt 0:00:33]} Qc7 {[%emt 0:12:33]} 10. g3 {[%emt 0:18:27]} Nxc5 {[%emt 0:03:43]} 11. Bg2 {[%emt 0:02:27]} b5 {[%emt 0:04:31]} 12. O-O {[%emt 0:00:25]} Bb7 {[%emt 0:02:26]} 13. b4 {[%emt 0:04:45]} Ne4 {[%emt 0:07:58]} 14. Nxe4 {[%emt 0:00:20]} dxe4 {[%emt 0:00:05]} 15. Nd2 {[%emt 0:00:20]} Rd8 {[%emt 0:18:31]} 16. Qg4 {[%emt 0:01:10]} O-O {[%emt 0:02:37]} 17. Nxe4 {[%emt 0:01:03]} Nxe5 {[%emt 0:02:34]} 18. Qh5 {[%emt 0:01:18]} Bxe4 {[%emt 0:00:37]} 19. Bxe4 {[%emt 0:03:53]} f5 {[%emt 0:00:11]} 20. Bg2 {[%emt 0:00:34]} Bd6 {[%emt 0:02:18]} 21. Qe2 {[%emt 0:01:12]} Rfe8 {[%emt 0:01:56]} 22. Rfe1 {[%emt 0:04:23]} Nc4 {[%emt 0:03:56]} 23. Bg5 {[%emt 0:02:05]} Rc8 {[%emt 0:00:03]} 24. c3 {[%emt 0:08:07]} h6 {[%emt 0:03:01]} 25. Bc1 {[%emt 0:03:01]} Kh8 {[%emt 0:03:42]} 26. Ra2 {[%emt 0:00:24]} Qf7 {[%emt 0:05:44]} 27. Rc2 {[%emt 0:10:23]} e5 {[%emt 0:01:03]} 28. g4 {[%emt 0:01:23]} e4 {[%emt 0:01:03]} 29. gxf5 {[%emt 0:00:39]} Qxf5 {[%emt 0:00:14]} 30. Bxe4 {[%emt 0:06:02]} Qh3 {[%emt 0:00:58]} 31. f3 {[%emt 0:02:58]} Qxh4 {[%emt 0:04:35]} 32. Rf1 {[%emt 0:11:41]} Bc7 {[%emt 0:00:44]} 33. Qg2 {[%emt 0:03:13]} Bb6+ {[%emt 0:00:05]} 34. Rcf2 {[%emt 0:00:38]} Rcd8 {[%emt 0:02:50]} 35. Qh2 {[%emt 0:01:19]} Rxe4 {[%emt 0:01:47]} 36. fxe4 {[%emt 0:00:39]} Qxe4 {[%emt 0:00:06]} 37. Bf4 {[%emt 0:07:21]} Rd5 {[%emt 0:00:51]} 38. Qg2 {[%emt 0:02:10]} Bxf2+ {[%emt 0:00:12]} 39. Qxf2 {[%emt 0:01:49]} Rd3 {[%emt 0:01:24]} 40. Kh2 {[%emt 0:01:50]} Rxc3 {[%emt 0:01:22]} 41. Qh4 {[%emt 0:03:53]} Ne5 {[%emt 0:06:30]} 0-1